Umiestňovanie produktov (product placement)

Pojem product placement. Stručne o histórii product placementu. Product placement a jeho miesto v právnom poriadku. Product placement ako skrytá forma reklamy. Zákonná úprava v podmienkach Slovenskej republiky.

Salvato in:
Dettagli Bibliografici
Autore principale: Janáč, Viliam
Natura: Capitolo di libro
Lingua:slovacco
Soggetti:
Tags: Aggiungi Tag
Nessun Tag, puoi essere il primo ad aggiungerne!!

MARC

LEADER 00000naa a2200000 4500
001 0161176
005 20231208095728.0
041 0 |a slo 
044 |a SK 
245 1 0 |a Umiestňovanie produktov (product placement)  |c Vilimam Janáč 
520 |a Pojem product placement. Stručne o histórii product placementu. Product placement a jeho miesto v právnom poriadku. Product placement ako skrytá forma reklamy. Zákonná úprava v podmienkach Slovenskej republiky. 
610 2 0 |a Slovensko 
610 2 0 |a nástroje marketingové 
610 2 0 |a reklama 
610 2 0 |a úpravy právne 
610 2 0 |a podpora predaja 
100 1 |a Janáč, Viliam